LEADER 01796cam a22003975a 4500
001 EIQ.libpla000603
008 770928s1977####nyua#####b####101#0#eng#d
005 20080925155738.0
245 1 0 |a Characterization of metal and polymer surfaces /  |c edited by Lieng-Huang Lee. 
260 |a New York :  |b Academic Press,  |c 1977. 
300 |a 2 v. :  |b il. ;  |c 24 cm. 
500 |a Sponsored by the Division of Organic Coatings and Plastics Chemistry, the Division of Analytical Chemistry, and Cellulose, Paper, and Textile Division of the American Chemical Society. 
504 |a Incluye referencias bibliográficas e índice. 
505 0 |a v. 1. Metal surfaces. -- v. 2. Polymer surfaces. 
020 |a 0124421016 (v. 1) 
020 |a 0124421024 (v. 2) 
700 1 |a Lee, Lieng-Huang,  |d 1924-,  |e ed.  |4 edt 
710 2 |a American Chemical Society (ACS).  |b Division of Organic Coatings and Plastics Chemistry. 
710 2 |a American Chemical Society (ACS).  |b Division of Analytical Chemistry. 
710 2 |a American Chemical Society (ACS).  |b Cellulose, Paper, and Textile Division. 
711 2 |a Symposium on Advances in Characterization of Metal and Polymer Surfaces  |d (1976 :  |c New York) 
082 0 0 |a 541/.3453 
650 4 |a Metales  |x Superficies. 
650 4 |a Metales  |x Congresos. 
650 4 |a Polímeros  |x Superficies. 
650 4 |a Polímeros  |x Congresos. 
650 4 |a Análisis de espectro  |x Congresos. 
650 4 |a Polymers  |x Surfaces. 
650 4 |a Polymers  |x Congresses. 
650 4 |a Metals  |x Surfaces. 
650 4 |a Metals  |x Congresses. 
650 0 |a Spectrum analysis  |x Congresses. 
010 |a  77002255  
040 |a DLC  |c DLC  |d AR-BbSID 
859 |a AR-BbSID  |b BIB. PLAPIQUI  |h 541.345 3  |i C 176  |p 424  |v Vol. 1  |3 Vol. 1 
859 |a AR-BbSID  |b BIB. PLAPIQUI  |h 541.345 3  |i C 176  |p 425  |v Vol. 2  |3 Vol. 2